| 000 | 00621cab a2200193 4500 | ||
|---|---|---|---|
| 001 | ABS39801 | ||
| 008 | 090401t1988 xxu||||| |||| 00| 0 eng d | ||
| 035 | _a(Sirsi) u19036 | ||
| 041 | _aeng | ||
| 100 | _aMoore, P. | ||
| 245 | _aWorking along the right lines | ||
| 260 | _c1988 | ||
| 350 | _a0 | ||
| 490 |
_aChartered Quantity Surveyor _v11(2) October 1988, 28(2) |
||
| 520 | _aDescribes the type of information available to subscribers of BCIS On-Line for budget estimating and cost planning . Illustrates with an example. | ||
| 690 | _aBUILDING AND CONSTRUCTION-COMPUTERS | ||
| 942 | _n0 | ||
| 948 | _c04/03/1997 | ||
| 999 |
_c12673 _d12673 |
||